Introducción a la literatura árabe cristiana

Uloženo v:
Podrobná bibliografie
Hlavní autor: González Casado, Pilar (Autor)
Médium: Kniha
Jazyk:španělština
Vydáno: Salamanca Sígueme 2017
Vydání:1a. ed
Edice:Lux Mundi, 98
Témata:
Tagy: Přidat tag
Žádné tagy, Buďte první, kdo vytvoří štítek k tomuto záznamu!

MARC

LEADER 00000cam a2200000 a 4500
001 UCC3333
003 CL-VaPUC
008 180427e20170000sp |||||||||||||||||spa|d
020 |a 9788430119790 
082 0 4 |a 297.293  |b GON  |2 21 
100 0 |a González Casado, Pilar  |e author  |9 597343 
245 1 0 |a Introducción a la literatura árabe cristiana 
250 |a 1a. ed 
300 |a 382 p 
942 |c BK 
945 |d 20180427 13:12:00  |a arojas 
260 |a Salamanca  |b Sígueme  |c 2017 
650 0 |a Literatura cristiana  |9 402861 
650 0 |a Historia del cristianismo  |9 473480 
650 0 |a Islamismo  |9 314084 
583 |a last modification  |c 20180427 13:12:00  |k Rodrigo Vera 
490 0 |a Lux Mundi, 98 
999 |c 371083  |d 371081 
952 |0 0  |1 0  |3 erb  |4 0  |6 297_293000000000000_GON_2017  |7 0  |8 A  |9 487962  |a BIBTEO  |b BIBTEO  |i 5468450  |o 297.293 GON 2017  |p 5468450  |r 2025-01-17  |w 2019-11-24  |y BK  |z Catalogado en:20180427  |k ICR